Políticas macroeconómicas y brecha externa: América Latina en los años ochenta
Збережено в:
| Автори: | , |
|---|---|
| Формат: | Книга |
| Мова: | Іспанська |
| Опубліковано: |
Santiago
Naciones Unidas
1989
|
| Предмети: | |
| Теги: |
Додати тег
Немає тегів, Будьте першим, хто поставить тег для цього запису!
|
MARC
| LEADER | 00000nam a2200000 a 4500 | ||
|---|---|---|---|
| 001 | UCX2091 | ||
| 003 | CL-VaPUC | ||
| 008 | 910318e19890000CL |||||||||||||||||spa|d | ||
| 082 | 0 | 4 | |a 339.5 |b EYZ |2 21 |
| 100 | 0 | |a Eyzaguirre, Nicolás |e author |9 317897 | |
| 700 | 0 | |a Valdivia, Mario |e author |9 317898 | |
| 245 | 1 | 0 | |a Políticas macroeconómicas y brecha externa: América Latina en los años ochenta |
| 300 | |a 201 p | ||
| 942 | |c BK | ||
| 945 | |d 19910318 00:00:00 | ||
| 260 | |a Santiago |b Naciones Unidas |c 1989 | ||
| 500 | |a Estudios supervisados con la colaboración del Proyecto Conjunto PNUD-CEPAL, RLA-77-021: Implicaciones para América Latina del Sistema Monetario y Financiero Internacional | ||
| 650 | 0 | |a Macroeconomía |9 260301 | |
| 650 | 7 | |a POLITICA ECONOMICA 1980- |2 CL-VaPUC |9 317899 | |
| 651 | 0 | |a América Latina |9 255027 | |
| 583 | |a last modification |c 19910318 00:00:00 |k Rodrigo Vera | ||
| 999 | |c 223184 |d 223182 | ||
| 952 | |0 0 |1 0 |4 0 |6 339_500000000000000_EYZ_1989 |7 0 |8 A |9 218723 |a BIBENE |b BIBENE |d 2019-11-15 |i 2875241 |o 339.5 EYZ 1989 |p 2875241 |r 2025-01-15 |w 2019-11-15 |y BK |k ICO | ||